000 00832nam a2200205 i 4500
001 23583
003 ES-MaACL
005 20230906152911.0
007 t|
008 021211s1915 sp ||||1| spa d
100 1 _aAlvarez de Cienfuegos, Francisco.
_920753
245 1 0 _aMahón
_b: base naval avanzada : su significación y artillado como capitalidad militar y marítima de las Baleares /
_cFrancisco Alvarez de Cienfuegos ; prólogo por... don Antonio Victory... ; preámbulo de don Antonio Padró ; epilogo por don Pedro M. Cardona...
260 _aMahón :
_bF. Fábregues Pons,
_c1915.
300 _a147 pág. ;
_c21 cm.
651 4 _aMahón-
_xHistoria.
_9157685
700 0 _aVictory, Antonio.
_9114404
700 0 _aPadró, A.
_988202
700 1 _aCardona Prieto, Pedro María.
_9155290
852 _aES-MaACL
_jT-1447-F-6
999 _c23583
_d23583